000 00687nam a2200205 a 4500
005 20140310183551.0
008 111116s19uu xx 00 eng d
020 _a978-971-584-932-6
050 _aRJ 50
_b.In61 2009
245 _aIMCI chart booklet / :
_bIntegrated Management of Childhood Illnesses /
_cprepared by the World Health Organization for Control of Diarrheal and Respiratory Infections and UNICEF.
250 _a2009 ed.
260 _aQuezon City :
_bC & E Pub,
_c2009.
300 _a62 p. :
521 _aNUR
650 _aPediatrics
_xHandbooks
650 _aChildren
_xDiseases
650 _aChildren
_xHealth and hygiene
942 _cBK
_2lcc
_kFOR
999 _c24950
_d24950